000 00216nam a22000857a 4500
008 160713b xxu||||| |||| 00| 0 eng d
100 _92719
_aModi K
245 _aLife A Celebration
260 _aNew Delhi
_bRachna Sagar
_c2008
999 _c2361
_d2361